000
00405nam a22001697a 4500
003
MPLRDC
005
20220104123551.0
008
210129b ||||| |||| 00| 0 eng d
082
_a
856.9 SXCa
100
_a
沈西城
245
_a
香港名作家韵事
_c
250
_a
初版
260
_a
_b
奔马出版社
_c
1984
300
_b
平
650
_a
函牍及杂著--杂项
942
_c
BK
_o
856.9 SXCa
999
_c
12435
_d
12425